Imam Hanbali (Record no. 125640)

MARC details
000 -LEADER
fixed length control field 00696nam a2200253 i 4500
001 - CONTROL NUMBER
control field C2-0325944
003 - CONTROL NUMBER IDENTIFIER
control field PPAK
005 - DATE AND TIME OF LATEST TRANSACTION
control field 20180728123915.0
008 - FIXED-LENGTH DATA ELEMENTS--GENERAL INFORMATION
fixed length control field 140310s2013 my |||| ||||| | may d
020 ## - INTERNATIONAL STANDARD BOOK NUMBER
International Standard Book Number 9789674081331
040 ## - CATALOGING SOURCE
Original cataloging agency PPAK
Language of cataloging eng
Transcribing agency PPAK
Description conventions rda
082 04 - DEWEY DECIMAL CLASSIFICATION NUMBER
Classification number 899.233
Edition number 23
090 00 - LOCALLY ASSIGNED LC-TYPE CALL NUMBER (OCLC); LOCAL CALL NUMBER (RLIN)
Classification number (OCLC) (R) ; Classification number, CALL (RLIN) (NR) 899.233
Feature heading ABD
Feature heading G
100 0# - MAIN ENTRY--PERSONAL NAME
Personal name Abdul Latip Talib,
Relator term author
245 10 - TITLE STATEMENT
Title Imam Hanbali
264 #1 - PRODUCTION, PUBLICATION, DISTRIBUTION, MANUFACTURE, AND COPYRIGHT NOTICE
Place of production, publication, distribution, manufacture Batu Caves, Selangor :
Name of producer, publisher, distributor, manufacturer PTS Litera Utama ,
Date of production, publication, distribution, manufacture, or copyright notice 2013
300 ## - PHYSICAL DESCRIPTION
Extent 227 pages ;
Dimensions 18 cm
336 ## - CONTENT TYPE
Source rdacontent
Content type term text
337 ## - MEDIA TYPE
Source rdamedia
Media type term unmediated
338 ## - CARRIER TYPE
Source rdacarrier
Carrier type term volume
650 10 - SUBJECT ADDED ENTRY--TOPICAL TERM
Topical term or geographic name entry element Malay fiction.
700 0# - ADDED ENTRY--PERSONAL NAME
Personal name Bahruddin Bekri ; Mazli Murat,
Relator term editor
942 ## - ADDED ENTRY ELEMENTS (KOHA)
-- dc
Koha item type Book
Holdings
Withdrawn Not for loan Current library Shelving location Date acquired Total Checkouts Full call number Barcode Date last seen Date last checked out Koha item type Total Renewals
    Perpustakaan Alor Setar Pinjaman Dewasa 18/03/2014 2 899.233 ABD A01443030 25/01/2025 25/01/2025 Book  
    Perpustakaan Alor Setar Pinjaman Dewasa 18/03/2014 4 899.233 ABD A01443031 22/01/2026 12/01/2026 Book 1
    Perpustakaan Awam Sungai Petani Pinjaman Dewasa 18/03/2014 6 899.233 ABD A01443032 06/01/2024 19/12/2023 Book  
    Perpustakaan Baling Pinjaman Dewasa 18/03/2014 3 899.233 ABD A01443035 19/02/2025 13/01/2025 Book 2
    Perpustakaan Jitra Pinjaman Dewasa 18/03/2014 1 899.233 ABD A01443033 12/10/2020 20/09/2020 Book  
    Perpustakaan Kulim Pinjaman Dewasa 18/03/2014 4 899.233 ABD A01443034 12/10/2025 24/09/2025 Book  
    Perpustakaan Merbok Pinjaman Dewasa 18/03/2014 1 899.233 ABD A01443036 15/10/2018 15/10/2018 Book